000 00293nam a22001337a 4500
008 170407b xxu||||| |||| 00| 0 eng d
020 _a0812111516
041 _aeng
080 _a616
100 _a9
101 _aSHM
245 _aPATHOLOGY OF HUMAN DISEASE
_cWALTER, J.B
942 _2udc
_cBK
999 _c10174
_d10174